| 000 | 01011nam a2200337Ia 4500 | ||
|---|---|---|---|
| 008 | 160803s9999 xx 000 0 und d | ||
| 020 | _a978-0439691390 | ||
| 100 | _aStilton, Geronimo | ||
| 245 | 2 | _aA cheese-colored camper / | |
| 245 | _cGeronimo Stilton ; ilustrations by Larry Keys and Topika Topraska ; English translation by Edizioni Piemme S.p.A. | ||
| 260 | _aNew York : | ||
| 260 | _bScholastic Inc. | ||
| 260 | _c2005 | ||
| 300 | _a111 pages : | ||
| 300 | _bcolor illustrations, maps ; | ||
| 300 | _c20 cm. | ||
| 440 | _aGeronimo Stilton ; | ||
| 440 | _vbk. 16 | ||
| 500 | _aTranslation of: Camper color formaggio. | ||
| 650 | _aGrandfathers -- | ||
| 650 | _aJournalists -- | ||
| 650 | _aMice -- | ||
| 650 | _aStilton, Geronimo (Fictitious character) -- | ||
| 650 | _aVoyages and travels -- | ||
| 650 | _xFiction. | ||
| 650 | _xJuvenile fiction. | ||
| 650 | _xJuvenile fiction. | ||
| 650 | _xJuvenile fiction. | ||
| 650 | _xJuvenile fiction. | ||
| 700 | _a430 | ||
| 999 |
_c298250 _d298250 |
||